|
|
|
|
| LEADER |
00000naa2a2200000 4500 |
| 001 |
152447 |
| 005 |
20231031150957.0 |
| 035 |
|
|
|a (RuTPU)RU\TPU\book\165279
|
| 090 |
|
|
|a 152447
|
| 100 |
|
|
|a 20090130d2008 k y0rusy50 ca
|
| 101 |
0 |
|
|a rus
|
| 102 |
|
|
|a RU
|
| 200 |
1 |
|
|a Совершенствование источника питания для процесса микродугового оксидирования
|f А. Д. Безшлях
|g науч. рук. В. Н. Бориков
|
| 320 |
|
|
|a Библиогр.: 2 назв.
|
| 461 |
|
1 |
|0 (RuTPU)RU\TPU\book\156858
|t Современные техника и технологии
|o 14 Международная научно-практическая конференция студентов, аспирантов и молодых ученых, г. Томск, 24-28 марта 2008 г.
|o труды
|o в 3 т.
|f Томский политехнический университет (ТПУ)
|d 2008
|
| 463 |
|
0 |
|0 (RuTPU)RU\TPU\book\155178
|t Т. 3
|v С. 164-166
|d 2008
|p 621 с.
|
| 610 |
1 |
|
|a микродуговое оксидирование
|
| 610 |
1 |
|
|a питание
|
| 610 |
1 |
|
|a технологии
|
| 610 |
1 |
|
|a микроплазменные технологии
|
| 610 |
1 |
|
|a электролиты
|
| 610 |
1 |
|
|a нанесение
|
| 610 |
1 |
|
|a покрытия
|
| 610 |
1 |
|
|a труды учёных ТПУ
|
| 610 |
1 |
|
|a источники
|
| 700 |
|
1 |
|a Безшлях
|b А. Д.
|
| 702 |
|
1 |
|a Бориков
|b В. Н.
|4 727
|
| 801 |
|
1 |
|a RU
|b 63413507
|c 20090130
|g PSBO
|
| 801 |
|
2 |
|a RU
|b 63413507
|c 20160907
|g RCR
|
| 942 |
|
|
|c BK
|